000
00324nam a2200133Ia 4500
008
260604s9999 xx 000 0 und d
020
_a
9789361314568
082
_a
330 DEA
100
_a
Kevin deane
_9
35894
245
0
_a
Recharting the History of Economic Thought
260
_b
Bloomsbury
500
_a
Economy
942
_c
BK
999
_c
8733
_d
8733